[Event "Aragon-chT Preferente Gr I"]
[Site "Aragon"]
[Date "2023.03.18"]
[Round "8.42"]
[White "Antonano Fedz Quincoces, Avelino"]
[Black "Arino Castan, Federico"]
[Result "1-0"]
[WhiteElo "1901"]
[BlackElo "1612"]
[PlyCount "99"]
[EventDate "2023.01.28"]
[EventType "team-tourn"]
[EventRounds "9"]
[EventCountry "ESP"]
[SourceTitle "EXT 2024"]
[Source "ChessBase"]
[SourceDate "2023.10.10"]
[SourceVersion "1"]
[SourceVersionDate "2023.10.10"]
[SourceQuality "1"]
[WhiteTeam "Casablanca MyInvestor II"]
[BlackTeam "Binefar"]
[WhiteTeamCountry "ESP"]
[BlackTeamCountry "ESP"]

1. e4 e6 2. d4 d5 3. Nd2 dxe4 4. Nxe4 Be7 5. Nf3 Nf6 6. Bd3 Nbd7 7. Qe2 Nxe4 8. Bxe4 Nf6 9. Bxb7 Rb8 10. Bc6+ Bd7 11. Ne5 0-0 12. Bxd7 Nxd7 13. Nc6 Qe8 14. Nxb8 Qxb8 15. 0-0 Qb6 16. c3 Rb8 17. b3 Bf6 18. Be3 Qa5 19. Rac1 Nb6 20. c4 h6 21. Rfd1 Re8 22. a4 Qb4 23. Qc2 Qa5 24. Bf4 Re7 25. Qd3 Qh5 26. Qg3 c6 27. Be5 Nd7 28. Bxf6 Nxf6 29. Qd6 Rb7 30. b4 Qh4 31. g3 Qh3 32. Qxc6 Rxb4 33. Qa8+ Kh7 34. Qg2 Qf5 35. c5 Nd5 36. c6 Nc7 37. Rc5 Qg4 38. f3 Qg6 39. Qc2 f5 40. Rb1 Rxb1+ 41. Qxb1 Qf6 42. Qd3 g6 43. Ra5 a6 44. Re5 Qh8 45. Re1 Qd8 46. Qc4 Qd6 47. Qc5 Qd8 48. Rb1 Kg8 49. Qa7 Qd6 50. Rb8+ 1-0

[Event "Aragon-chT Preferente A"]
[Site "Aragon"]
[Date "2015.02.14"]
[Round "4.45"]
[White "Cifuentes Parada, Roberto"]
[Black "Arino Castan, Federico"]
[Result "1-0"]
[WhiteElo "2461"]
[BlackElo "1777"]
[PlyCount "37"]
[EventDate "2015.01.24"]
[EventType "team-tourn"]
[EventRounds "11"]
[EventCountry "ESP"]
[SourceTitle "EXT 2017"]
[Source "ChessBase"]
[SourceDate "2016.10.25"]
[SourceVersion "1"]
[SourceVersionDate "2016.10.25"]
[SourceQuality "1"]
[WhiteTeam "Jaque"]
[BlackTeam "Binefar"]
[WhiteTeamCountry "ESP"]
[BlackTeamCountry "ESP"]

1. d4 Nf6 2. c4 d5 3. cxd5 g6 4. Qa4+ Nbd7 5. Nc3 Bg7 6. e4 0-0 7. Nf3 Nb6 8. Qc2 e6 9. dxe6 Bxe6 10. Be2 Bg4 11. Be3 Re8 12. 0-0-0 Qe7 13. h3 Bd7 14. Ne5 Qb4 15. g4 Re6 16. g5 Ne8 17. Nxd7 Nxd7 18. Bg4 Re7 19. Nd5 1-0

[Event "Aragon-chT Preferente A"]
[Site "Aragon"]
[Date "2014.02.15"]
[Round "4.42"]
[White "Zubialde Ayala, Gonzalo"]
[Black "Arino Castan, Federico"]
[Result "1/2-1/2"]
[WhiteElo "1731"]
[BlackElo "1778"]
[PlyCount "40"]
[EventDate "2014.01.25"]
[EventType "team-tourn"]
[EventRounds "9"]
[EventCountry "ESP"]
[SourceTitle "EXT 2015"]
[Source "ChessBase"]
[SourceDate "2014.11.20"]
[SourceVersion "1"]
[SourceVersionDate "2014.11.20"]
[SourceQuality "1"]
[WhiteTeam "Agrupacion II"]
[BlackTeam "Binefar"]
[WhiteTeamCountry "ESP"]
[BlackTeamCountry "ESP"]

1. e4 e6 2. Nf3 d5 3. exd5 exd5 4. d4 Nf6 5. c4 Be7 6. Nc3 0-0 7. Bg5 c6 8. cxd5 Nxd5 9. Bxe7 Qxe7+ 10. Qe2 Qb4 11. Qd2 Re8+ 12. Be2 Be6 13. 0-0 Nd7 14. Rfe1 Rad8 15. a3 Qb6 16. Bc4 Nf8 17. Nxd5 Bxd5 18. Rxe8 Rxe8 19. Bxd5 cxd5 20. Re1 Ne6 1/2-1/2